Normal view
MARC view
Entry Personal Name
001 - CONTROL NUMBER
- control field: 26299
003 - CONTROL NUMBER IDENTIFIER
- control field: OSt
005 - DATE AND TIME OF LATEST TRANSACTION
- control field: 20211230105553.0
008 - FIXED-LENGTH DATA ELEMENTS
- fixed length control field: 211230|| aca||aabn | a|a d
040 ## - CATALOGING SOURCE
- Original cataloging agency: OSt
- Transcribing agency: OSt
100 ## - HEADING--PERSONAL NAME
- Personal name: Reinartz Thomas
670 ## - SOURCE DATA FOUND
- Source citation: Work cat.: (OSt)25216: Reinartz Thomas, Focusing Solutions For Data Mining